Magas fehérjetartalmú ipari hulladékok anaerob fermentációjának fokozása adaptált mikrobaközösség segítségével

Elmentve itt :
Bibliográfiai részletek
Szerző: Kovács Etelka
További közreműködők: Kovács Kornél L. (Témavezető)
Bagi Zoltán (Témavezető)
Dokumentumtípus: Disszertáció
Megjelent: 2014-05-22
Tárgyszavak:
doi:10.14232/phd.2195

mtmt:2781183
Online Access:http://doktori.ek.szte.hu/2195
LEADER 01257nta a2200253 i 4500
001 dokt2195
005 20200401085725.0
008 140422s2014 hu om 0|| hun d
024 7 |a 10.14232/phd.2195  |2 doi 
024 7 |a 2781183  |2 mtmt 
040 |a SZTE Doktori Repozitórium  |b hun 
041 |a hun 
100 1 |a Kovács Etelka 
245 1 0 |a Magas fehérjetartalmú ipari hulladékok anaerob fermentációjának fokozása adaptált mikrobaközösség segítségével  |h [elektronikus dokumentum] /  |c  Kovács Etelka 
246 1 0 |a Intensification of anaerobic fermentation from proteinaceous industrial wastes by adapted microbes  |h [elektronikus dokumentum] 
260 |c 2014-05-22 
502 |a Disszertacio 
650 4 |a biológiai tudományok 
650 4 |a Biológiai tudományok 
700 0 1 |a Kovács Kornél L.  |e ths 
700 0 1 |a Bagi Zoltán  |e ths 
856 4 0 |u https://doktori.bibl.u-szeged.hu/id/eprint/2195/1/Kov%C3%A1cs%20Etelka%20-%20Doktori%20dolgozat.pdf  |z Dokumentum-elérés  
856 4 0 |u https://doktori.bibl.u-szeged.hu/id/eprint/2195/2/T%C3%A9zisf%C3%BCzet%20Kov%C3%A1cs%20Etelka.pdf  |z Dokumentum-elérés  
856 4 0 |u https://doktori.bibl.u-szeged.hu/id/eprint/2195/3/Angol%20T%C3%A9zisf%C3%BCzet%20-%20Kov%C3%A1cs%20Etelka.pdf  |z Dokumentum-elérés